000
00225nam a22000857a 4500
008
221212b |||||||| |||| 00| 0 eng d
020
_a
9780241342695
100
_a
Kinney Jeff
_9
7570
245
_a
Diary of a Wimpy Kid (Rodrick Rules)
999
_c
12199
_d
12199